01014nam a2200289 i 4500003000900000005001700009007000300026008004100029020001800070040003000088082002000118100004300138245008600181250001800267264004400285300003400329336002700363337003400390338002800424500002300452504003100475590002700506910001400533942001400547952014600561999001700707DO-SdBNP20241018140342.0ta241018s2008 xxu 001 0 spa d a9789945404463 aDO-SdBNPbspacBNPHUerda a615.5bM4782221 4aut.aMcTaggart, Lynne.eautora98672914aThe field : bthe quest for the secret force of the universe / cLynne McTaggart. a1a. edición 1aNew York, NY : bHarperCollins, c2008. axxx, 268 páginas, c21 cm. 2rdacontentatextobtxt 2rdamediaasin mediación bn 2rdacarrieravolumenbnc aIncluye índice.  aBibliografía p: 247-264. aInventariado, 2024/ YL aYLockward 2ddccLBS1 00102ddc56708GRaBNPHUbBNPHUcCTd2021-04-20eDonado por Sigfredo Tineol0oBNPHU GR 615.5 M478p2024-5996r2024-10-18w2024-10-18yLBS1 c57917d57917